帯広市の町名 - Statistics

General Stats
  • This quiz has been taken 5 times
  • The average score is 41 of 139
Answer Stats
Answer % Correct
大通北
67%
大通南
67%
清川町
67%
幸福町
67%
西1条北
67%
西1条南
67%
東1条北
67%
東10条北
67%
東11条北
67%
東12条北
67%
東13条南
67%
西2条北
67%
西2条南
67%
東2条北
67%
東3条北
67%
東4条北
67%
東5条北
67%
東6条北
67%
東7条北
67%
東8条北
67%
東9条北
67%
愛国町
33%
稲田町
33%
上帯広町
33%
上清川町
33%
川西町
33%
空港南町
33%
清流西
33%
清流東
33%
大正町
33%
大正本町
33%
中島町
33%
柏林台北町
33%
柏林台中町
33%
柏林台西町
33%
柏林台東町
33%
柏林台南町
33%
南町
33%
基松町
33%
西10条北
33%
西10条南
33%
東10条南
33%
西11条北
33%
西11条南
33%
東11条南
33%
西12条北
33%
西12条南
33%
東12条南
33%
西13条北
33%
西13条南
33%
西14条北
33%
西14条南
33%
東14条南
33%
西15条北
33%
西15条南
33%
東15条南
33%
西16条北
33%
西16条南
33%
西17条北
33%
西17条南
33%
西18条北
33%
西18条南
33%
西19条北
33%
西19条南
33%
東2条南
33%
西20条北
33%
西20条南
33%
西21条北
33%
西21条南
33%
西22条北
33%
西22条南
33%
西23条北
33%
西23条南
33%
西24条北
33%
西24条南
33%
西25条北
33%
西25条南
33%
西3条北
33%
西3条南
33%
東3条南
33%
西4条北
33%
西4条南
33%
東4条南
33%
西5条北
33%
西5条南
33%
東5条南
33%
西6条北
33%
西6条南
33%
東6条南
33%
西7条北
33%
西7条南
33%
東7条南
33%
西8条北
33%
西8条南
33%
東8条南
33%
西9条北
33%
西9条南
33%
東9条南
33%
泉町
0%
以平町
0%
岩内町
0%
大川町
0%
大空町
0%
清川町仲通
0%
清川町西通
0%
清川町本通
0%
公園東町
0%
桜木町
0%
昭和町
0%
新町西
0%
新町東
0%
自由が丘
0%
大正本町本通
0%
太平町
0%
拓成町
0%
豊西町
0%
広野町
0%
美栄町
0%
富士町
0%
別府町
0%
緑ケ丘
0%
緑ケ丘東通西
0%
緑ケ丘東通東
0%
南町南
0%
南の森西
0%
南の森東
0%
八千代町
0%
依田町
0%
大正本町西1条
0%
大正本町東1条
0%
緑ケ丘1条通
0%
白樺16条西
0%
白樺16条東
0%
清川町南2条通
0%
緑ケ丘2条通
0%
緑ケ丘3条通
0%
No matching quizzes found
Score Distribution
Percent of People with Each Score
Percentile by Number Answered
Your Score History
You have not taken this quiz